Pokémon Go | Poké Ball Varieties - Statistics

General Stats
  • This quiz has been taken 64 times
  • The average score is 5 of 6
Answer Stats
Category Poké Ball % Correct
Item Bag Poké Ball
100%
Item Bag Ultra Ball
100%
Item Bag Great Ball
96%
Item Bag Master Ball
96%
Raid Encounter Premier Ball
75%
Raid Encounter Beast Ball
53%
No matching quizzes found
Score Distribution
Percent of People with Each Score
Percentile by Number Answered
Your Score History
You have not taken this quiz